History of England : (Record no. 24612)
[ view plain ]
| 000 -LEADER | |
|---|---|
| fixed length control field | 00668cam a2200217 4500 |
| 001 - CONTROL NUMBER | |
| control field | 24612 |
| 003 - CONTROL NUMBER IDENTIFIER | |
| rucl marc code | BD-RJUL |
| 005 - DATE AND TIME OF LATEST TRANSACTION | |
| control field | 20211209001056.0 |
| 008 - FIXED-LENGTH DATA ELEMENTS--GENERAL INFORMATION | |
| fixed length control field | 140315n19671906enk 00| 0 eng |
| 035 ## - SYSTEM CONTROL NUMBER | |
| System control number | (BD-RJUL)24681 |
| 040 ## - CATALOGING SOURCE | |
| Original cataloging agency | BD-RjUL |
| Language of cataloging | eng |
| Transcribing agency | BD-RjUL |
| 041 ## - LANGUAGE CODE | |
| Language code of text/sound track or separate title | eng |
| 082 ## - DEWEY DECIMAL CLASSIFICATION NUMBER | |
| Classification number | 942 |
| Author mark and year | MAH 1967 |
| 100 1# - MAIN ENTRY--PERSONAL NAME | |
| Personal name | Macaulay |
| Dates associated with a name | 1800-1859. |
| 9 (RLIN) | 75752 |
| 245 10 - TITLE STATEMENT | |
| Title | History of England : |
| Statement of responsibility, etc. | Introd. by Douglas Jerrold |
| Remainder of title | from the accession of James II / |
| Name of part/section of a work | V-2 |
| 260 ## - PUBLICATION, DISTRIBUTION, ETC. (IMPRINT) | |
| Place of publication, distribution, etc. | London : |
| Date of publication, distribution, etc. | c1906 [reprinting 1967] |
| Name of publisher, distributor, etc. | Everyman's library, |
| 300 ## - PHYSICAL DESCRIPTION | |
| Pagination | 668 p. ; |
| Size | 15 cm. |
| 651 #0 - SUBJECT ADDED ENTRY--GEOGRAPHIC NAME | |
| Geographic name | Great Britain |
| General subdivision | History |
| 9 (RLIN) | 75753 |
| 942 ## - ADDED ENTRY ELEMENTS (KOHA) | |
| Source of classification or shelving scheme | Dewey Decimal Classification |
| Koha item type | Books |
| Lost status | Source of classification or shelving scheme | Damaged status | Not for loan | Collection code | Permanent Location | Current Location | Shelving location | Date acquired | Source of acquisition | Cost, normal purchase price | Total Checkouts | Full call number | Date last seen | Copy number | Koha item type |
|---|---|---|---|---|---|---|---|---|---|---|---|---|---|---|---|
| Dewey Decimal Classification | Non-fiction | Central Library, University of Rajshahi | Central Library, University of Rajshahi | Reading Room | 06/02/1973 | British Council gift | 0.00 | 942 MAH V-2 1967 | 15/03/2014 | C-2 | Books | ||||
| Dewey Decimal Classification | Added to bundle | Non-fiction | Central Library, University of Rajshahi | Central Library, University of Rajshahi | Reading Room | 06/02/1973 | British Council gift | 0.00 | 942 MAH V-4 1969 | 15/03/2014 | C-1 | Books | |||
| Dewey Decimal Classification | Non-fiction | Central Library, University of Rajshahi | Central Library, University of Rajshahi | 06/02/1973 | British Council gift | 0.00 | 942 MAH V-1 1967 | 15/03/2014 | C-6 | Books |